<?xml version="1.0" encoding="UTF-8"?><?xml-stylesheet type="text/xsl" href="static/style.xsl"?><OAI-PMH xmlns="http://www.openarchives.org/OAI/2.0/" xmlns:xsi="http://www.w3.org/2001/XMLSchema-instance" xsi:schemaLocation="http://www.openarchives.org/OAI/2.0/ http://www.openarchives.org/OAI/2.0/OAI-PMH.xsd"><responseDate>2026-04-17T02:22:47Z</responseDate><request verb="GetRecord" identifier="oai:www.recercat.cat:2117/179823" metadataPrefix="marc">https://recercat.cat/oai/request</request><GetRecord><record><header><identifier>oai:recercat.cat:2117/179823</identifier><datestamp>2025-07-23T00:11:22Z</datestamp><setSpec>com_2072_1033</setSpec><setSpec>col_2072_452951</setSpec></header><metadata><record xmlns="http://www.loc.gov/MARC21/slim" xmlns:dcterms="http://purl.org/dc/terms/" xmlns:xsi="http://www.w3.org/2001/XMLSchema-instance" xmlns:doc="http://www.lyncode.com/xoai" xsi:schemaLocation="http://www.loc.gov/MARC21/slim http://www.loc.gov/standards/marcxml/schema/MARC21slim.xsd">
   <leader>00925njm 22002777a 4500</leader>
   <datafield ind2=" " ind1=" " tag="042">
      <subfield code="a">dc</subfield>
   </datafield>
   <datafield ind2=" " ind1=" " tag="720">
      <subfield code="a">Ye, Qiong Kai</subfield>
      <subfield code="e">author</subfield>
   </datafield>
   <datafield ind2=" " ind1=" " tag="260">
      <subfield code="c">2020-01-12</subfield>
   </datafield>
   <datafield ind2=" " ind1=" " tag="520">
      <subfield code="a">La Facultat d'Informàtica de Barcelona té una plataforma que permet la interacció entre els professors i els alumnes que es diu "Racó". Aquesta plataforma és accessible via navegador a través d'una pàgina web i permet als alumnes veure el seu horari, la informació de les assignatures matriculades, els esdeveniments, els avisos dels professors, etc. Però existeix un inconvenient, i és que per accedir a la informació sempre s'ha de fer a través d'un navegador i no es pot visualitzar les dades si no es té connexió a internet. Amb el desenvolupament d'aquest projecte es pretén donar una solució multiplataforma perquè els estudiants de la facultat puguin accedir a la informació del Racó de la FIB a través d'una aplicació nativa en Android i iOS, sense haver d'accedir-hi a través del navegador, i fer que puguin disposar de tota la informació de forma offline. Per desenvolupar aquesta aplicació multiplataforma, s'ha fet servir principalment el llenguatge de programació Dart, juntament amb el framework Flutter i l'API versió 2 del Racó de la FIB.</subfield>
   </datafield>
   <datafield ind2=" " ind1=" " tag="520">
      <subfield code="a">The Faculty of Computer Science of Barcelona has a platform that allows interaction between teachers and students called "Racó". This platform is accessible via browser through a web page and allows students to see their schedule, information on the subjects enrolled, the events, the notices of the professors, etc. But the problem is that to access the information, it must always be done through a browser and you can not view the data if you do not have an internet connection. With the development of this project, it is intended to provide a multiplatform solution so that the faculty students can access the information of the Racó de la FIB through a native application on Android and iOS, without having to access through the browser, and make them able to have all the information offline. To develop this cross-platform application, the Dart programming language has been used mainly, together with the Flutter framework and API version 2 of the Racó de la FIB.</subfield>
   </datafield>
   <datafield tag="653" ind2=" " ind1=" ">
      <subfield code="a">Àrees temàtiques de la UPC::Informàtica</subfield>
   </datafield>
   <datafield tag="653" ind2=" " ind1=" ">
      <subfield code="a">Mobile apps</subfield>
   </datafield>
   <datafield tag="653" ind2=" " ind1=" ">
      <subfield code="a">Intranets (Computer networks)</subfield>
   </datafield>
   <datafield tag="653" ind2=" " ind1=" ">
      <subfield code="a">El Racó de la FIB</subfield>
   </datafield>
   <datafield tag="653" ind2=" " ind1=" ">
      <subfield code="a">aplicació multiplataforma</subfield>
   </datafield>
   <datafield tag="653" ind2=" " ind1=" ">
      <subfield code="a">API de la FIB</subfield>
   </datafield>
   <datafield tag="653" ind2=" " ind1=" ">
      <subfield code="a">Flutter</subfield>
   </datafield>
   <datafield tag="653" ind2=" " ind1=" ">
      <subfield code="a">Dart</subfield>
   </datafield>
   <datafield tag="653" ind2=" " ind1=" ">
      <subfield code="a">El Racó de la FIB</subfield>
   </datafield>
   <datafield tag="653" ind2=" " ind1=" ">
      <subfield code="a">cross-platform application</subfield>
   </datafield>
   <datafield tag="653" ind2=" " ind1=" ">
      <subfield code="a">FIB API</subfield>
   </datafield>
   <datafield tag="653" ind2=" " ind1=" ">
      <subfield code="a">Flutter</subfield>
   </datafield>
   <datafield tag="653" ind2=" " ind1=" ">
      <subfield code="a">Dart</subfield>
   </datafield>
   <datafield tag="653" ind2=" " ind1=" ">
      <subfield code="a">Aplicacions mòbils</subfield>
   </datafield>
   <datafield tag="653" ind2=" " ind1=" ">
      <subfield code="a">Intranets (Xarxes d'ordinadors)</subfield>
   </datafield>
   <datafield ind2="0" ind1="0" tag="245">
      <subfield code="a">Racó multiplataforma (Android/IOS) amb Flutter</subfield>
   </datafield>
</record></metadata></record></GetRecord></OAI-PMH>